Vzdelávací proram pre pedagógov v rámci celoživotného vzdelávania v modernej vedomostnej spoločnosti
Celoživotné vzdelávanie učiteľov a pedagógov. Poznatky z aplikovania dištančnej formy (príp. kombinovanej formy) vzdelávania s podporou e-learningu. Využívanie multimediálnych elementov vo vzdelávacom procese. Akreditovaný a v súčasnosti overovaný program v rámci pilotnej verzie na UKF v Nitre.
Salvato in:
| Autore principale: | |
|---|---|
| Natura: | Capitolo di libro |
| Lingua: | slovacco |
| Soggetti: | |
| Tags: |
Nessun Tag, puoi essere il primo ad aggiungerne!!
|
MARC
| LEADER | 00000naa$a2200000$$$4500 | ||
|---|---|---|---|
| 001 | 0115282 | ||
| 005 | 20240311134446.6 | ||
| 041 | 0 | |a slo | |
| 044 | |a SK | ||
| 245 | 1 | 0 | |a Vzdelávací proram pre pedagógov v rámci celoživotného vzdelávania v modernej vedomostnej spoločnosti |c Mária Burianová |
| 520 | |a Celoživotné vzdelávanie učiteľov a pedagógov. Poznatky z aplikovania dištančnej formy (príp. kombinovanej formy) vzdelávania s podporou e-learningu. Využívanie multimediálnych elementov vo vzdelávacom procese. Akreditovaný a v súčasnosti overovaný program v rámci pilotnej verzie na UKF v Nitre. | ||
| 610 | 2 | 0 | |a učitelia |
| 610 | 2 | 0 | |a vzdelávanie ďalšie |
| 610 | 2 | 0 | |a vzdelávanie dištančné |
| 610 | 2 | 0 | |a vzdelávanie elektronické |
| 610 | 2 | 0 | |a programy študijné |
| 610 | 2 | 0 | |a spoločnosť vedomostná |
| 610 | 2 | 0 | |a technológie informačné |
| 610 | 2 | 0 | |a technológie komunikačné |
| 100 | 1 | |a Burianová, Mária | |